Quizzes
Events
Quiz Creation
Community
Videos
Private Events
Remove Ads
Sign In
Join for FREE
Feedback
Dark Mode
Quiz Categories
Sports
Geography
Music
Movies
Television
Just For Fun
Miscellaneous
History
Literature
Language
Science
Gaming
Entertainment
Religion
Holiday
For Kids
Quiz Lab
Recent
Popular Today
Quiz Kudos Today
Editor Picks
Curator Picks
Quizzes by...
Day
Popularity
Type
Ratings
Length
Year
Community
Subscriptions
Recent Discussions
Orange Saloon
Badges
Playlists
Quests
Create
Leaderboards
Showdown
Live 5
Trivia Bingo
Activity
Puzzle Library
Sporcle Events
Private Events
Virtual Trivia
Globe League
Become a Host
Pub Owners
SporcleCon
Opinionation
Our Games
Videos
Blog
Mobile Apps
Partnerships
Remove Ads and Go Orange
Feedback
Music
Pop Music
The Beatles
Song
Album
Lyrics
Bands
Singers
Artist
Clip
Rock
Rap
Classical
Billboard
Country Music
Kpop
Taylor Swift
Music
Pop Music
The Beatles
Song
Album
Lyrics
Bands
Singers
Artist
Clip
Rock
Rap
Classical
Billboard
Country Music
Kpop
Taylor Swift
Random Quiz
Search Sporcle
×
Quiz Lab
Quiz Lab
Music
Broadway
Type in answers that appear in a list
Type in answers that appear in a list
Classic
Best Score? Go Orange.
Animals in Les Misérables Stats
Can you name the Animals Mentioned in the Les Misérables Musical?
By
SporcleEXP
10m
15 Questions
270 Plays
270 Plays
270 Plays
Comments
Comments
Give Quiz Kudos
Give Quiz Kudos
-
- Ratings
hide this ad
Replay
Link that replays current quiz
Next Quiz
Link to next quiz in quiz playlist
You Got
0%
They Got
Avg Score
71%
Avg Friend Score
Upgrade to see
Score Distribution
Jump to the score distribution portion of the page
Score
0/15
Timer
10:00
0
Plays Today
First Appearance
Animal
% Correct
[FOREMAN] 'I might have known the _
_
_
had claws'
cat
97.4%
[FANTINE] 'But the _
_
_
_
_
s come at night, with their voices soft as thunder'
tiger
93.3%
[THENARDIER] 'Kidney of a _
_
_
_
_
'
horse
90.7%
[ENJOLRAS] 'Oh, it's easy to sit here and swat 'em like _
_
_
_
_
'
flies
89.6%
[THENARDIER] 'extra for the _
_
_
_
'
mice
88.5%
[VALJEAN] 'You see how dark it is I'm not some kind of _
_
_
!'
dog
83.7%
[THENARDIER] 'Charge 'em for the _
_
_
_
'
lice
77.4%
[GAVROCHE] 'Once ran a hash-
house down the way, bit of a _
_
_
_
_
and no mistake'
swine
73.3%
First Appearance
Animal
% Correct
[FANTINE] 'Even a **** who has gone to the bad won't be had by a _
_
_
!'
rat
70.7%
[VALJEAN] 'He let me eat my fill, I had the _
_
_
_
's share'
lion
69.6%
[THENARDIER] 'Homing _
_
_
_
_
_
s homing in'
pigeon
61.5%
[THENARDIER] 'Here the _
_
_
_
_
is cooked, here the fat is fried'
goose
55.2%
[THENARDIER] 'My always-
pissed-
as-
_
_
_
_
s'
newt
49.3%
[GRANTAIRE] 'And so they might... _
_
_
_
_
will bite'
fleas
39.3%
[JAVERT] 'This swarm of _
_
_
_
_
... could have picked you to the bone'
worms
33.3%
Quiz Playlist
Details
Report
Send in Message
Add To Playlist
Classic:
Type in answers that appear in a list
Last Updated: Aug 31, 2017
Quiz Scoreboard
CHALLENGE
Sign Up to Join the Scoreboard
Show All
Scores
Hide
Comments
May contain spoilers
Recently Published
Presidents Visiting Landmarks
by Hejman
History
7m
An Introduction to Baseball
by treessimontrees
Sports
5m
Movies - When Are They Set?
by FPL_Elf
Movies
5m
More to Explore
Quiz From the Vault
Featured Blog Post
Where Did the Easter Bunny Come From?
hide this ad
You Might Also Like...
Tags
Broadway Quiz
Musical Quiz
Broadway Lyrics
Broadway Musicals
Broadway Shows
Contemporary Musicals
Les Misérables
Movie Musicals
Musical Songs
Musical Theater
Original Broadway
Today's Top Quizzes in Music
Browse Music
hide this ad
Today's Top Quizzes in Broadway
Browse Broadway
Top Contributed Quizzes in Music
1
Taylor Swift All Songs (2024)
2
Guess the Artist- 70s Songs
3
Taylor Swift Logic Puzzle
4
KPOP LOGIC QUIZ
5
One Thing in Common: Music
6
2010s Album by Cover III
7
7-to-1: Billboard Hot 100 #1 Hits of 2010s
8
Guess the Taylor Swift song (Mystery Song)
9
Sorting Albums and Songs
10
2000s Album Cover Bunker
Explore More
Trending Topics
Anime
Marvel
Crossword
Kpop
NBA
Disney
Harry Potter
Song
NFL
Pokémon
Puzzle
The Office
Soccer
Country
WWE
hide this ad
More By:
SporcleEXP
Quiz
Plays
Rating
Category
Featured
Created
Harry Potter Deaths in Order Minefield
3,068,146
4.18
Literature
Jan 27, 2016
Sins, Dwarfs, and Spice Girls
847,259
4.42
Just For Fun
Apr 11, 2012
Ancient History Bunker
708,082
4.28
History
Jan 20, 2014
Movie Posters VI
678,987
4.37
Movies
Nov 12, 2010
Movie Posters VII
621,811
4.44
Movies
Apr 16, 2011
Go to Creator's Profile
Score Distribution
Quiz Creator Spotlight
SporcleEXP
Follow
Send a Message
Quizzes Created
-
Created Quiz Play Count
-
More By This Creator
Popular Quizzes Today
1
Find the US States - No Outlines Minefield
2
Find the Countries of Europe - No Outlines Minefield
3
The Countries of the World
4
Find the US States
5
Popular People in 1961
6
US States
7
Risky Map Clicking: Biggest States A-Z
8
1-10 Letter E Words III
More Music Quizzes
One-Word Album Match (A-Z)
Published
Trending Quizzes
Risky Map Clicking: Least Populous States A-Z
1-10 Letter G Words
1-10 Letter F Words
Risky Map Clicking: Next State Alphabetically
Risky Map Clicking: Biggest States A-Z
Recently Updated
Leaping Animals
pecheneg
Reality TV Shows (A-Z)
bhenderson79
Rickey Henderson's Hall of Fame Teammates
pecheneg
Champions League XIs: Arsenal
pecheneg
Quick Pick: Celebrities in WWE's Hall of Fame
aduchscher
A-Z Keypad Blitz II
pecheneg
Multiple Oscar Actors
pecheneg
Mystery Phrase Blitz: Oscar 'Best Actors'
pecheneg
F. Scott Fitzgerald Novels
LTH
Pick 3 Villains
ddd62291
Trending Topics
Marvel
Crossword
Kpop
Anime
Harry Potter
NBA
Disney
WWE
Country
Soccer
The Office
Puzzle
Song
NFL
Pokémon
Your Account Isn't Verified!
In order to create a playlist on Sporcle, you need to verify the email address you used during registration. Go to your
Sporcle Settings
to finish the process.
Report this User
Report this user for behavior that violates our
Community Guidelines
.
Details:
Send Report
Go to the Sporcle.com Mobile Site →
Comments